| 000 | 01393nac a22003851i 4500 | ||
|---|---|---|---|
| 003 | EG-ScBUE | ||
| 005 | 20230227024102.0 | ||
| 008 | 150901s1999 cc a f 001 0 eng d | ||
| 020 | _a9787800588051 (vol. 2) | ||
| 020 | _a780058805X (vol. 2) | ||
| 020 | _a780058805 (vol. 1) | ||
| 040 |
_aEG-ScBUE _beng _erda _cEG-ScBUE _dEG-ScBUE |
||
| 041 | 0 |
_aeng _achi |
|
| 043 | _aa-cc--- | ||
| 082 | 0 | 4 |
_a720.2225125 _bMEA _222 |
| 245 | 0 | 0 |
_ameasured drawings. _nvolume 2 . _pHong Kong historical western buildings / _cEditors Wong Wah Sang, [and six others] |
| 246 | 3 | 0 | _aHong Kong historical western buildings |
| 264 | 1 |
_aBeijing : _bChina Planning Press, _c1999. |
|
| 300 |
_a2 volumes : _billustrations ; _c32 cm |
||
| 336 |
_2rdacontent _atext _btxt |
||
| 337 |
_2rdamedia _aunmediated _bn |
||
| 338 |
_2rdacarrier _avolume _bnc |
||
| 500 | _aIncludes index. | ||
| 505 | 0 | _aVolume 1. Hong Kong historical Chinese buildings -- Volume 2. Hong Kong historical western buildings. | |
| 546 | _aText in English and Chinese. | ||
| 650 | 7 |
_aFurniture design _zChina _zHong Kong. _2BUEsh |
|
| 650 | 7 |
_aHistoric buildings _zChina _zHong Kong. _2BUEsh |
|
| 650 | 7 |
_aArchitectural drawing _zChina _zHong Kong. _2BUEsh |
|
| 651 | _2BUEsh | ||
| 653 | _bENGARC | ||
| 655 | _vReading book | ||
| 700 | 1 |
_aWong, Wah Sang, _eeditor. |
|
| 740 | _aHong Kong historical Chinese buildings | ||
| 942 |
_cBB _2ddc |
||
| 999 |
_c3386 _d3386 |
||